Eye-tracking ako nástroj poznania spotrebiteľského správania bakalárska práca

Guardado en:
Detalles Bibliográficos
Autor principal: Cseriová, Bianka
Autor Corporativo: Obchodná fakulta EU. Katedra marketingu
Otros Autores: Hula, Róbert, 1992-
Formato: Libro
Lenguaje:eslovaco
Publicado: Bratislava 2023
Etiquetas: Agregar Etiqueta
Sin Etiquetas, Sea el primero en etiquetar este registro!

MARC

LEADER 00000nbm a2200000 4500
001 0294813
005 20231212123349.9
041 0 |a slo 
044 |a SK 
245 1 0 |a Eye-tracking ako nástroj poznania spotrebiteľského správania  |b bakalárska práca  |c Bianka Cseriová ; školiteľ: Róbert Hula 
264 1 |a Bratislava  |c 2023 
300 |a 55 s. 
100 1 |a Cseriová, Bianka 
700 1 |a Hula, Róbert, 1992- 
710 2 |a Obchodná fakulta EU. Katedra marketingu